UBT Library

Psychology & you : (Record no. 44802)

000 -LEADER
fixed length control field 00974cam a22003134a 4500
001 - CONTROL NUMBER
control field 14235871
005 - DATE AND TIME OF LATEST TRANSACTION
control field 20180312104732.0
008 - FIXED-LENGTH DATA ELEMENTS--GENERAL INFORMATION
fixed length control field 060119s2006 maua b 001 0 eng
010 ## - LIBRARY OF CONGRESS CONTROL NUMBER
LC control number 2006001716
015 ## - NATIONAL BIBLIOGRAPHY NUMBER
National bibliography number GBA651127
Source bnb
016 7# - NATIONAL BIBLIOGRAPHIC AGENCY CONTROL NUMBER
Record control number 013480428
Source Uk
020 ## - INTERNATIONAL STANDARD BOOK NUMBER
International Standard Book Number 1405126981 (pbk. : alk. paper)
020 ## - INTERNATIONAL STANDARD BOOK NUMBER
International Standard Book Number 9781405126984 (pbk. : alk. paper)
035 ## - SYSTEM CONTROL NUMBER
System control number (OCoLC)ocm63178837
035 ## - SYSTEM CONTROL NUMBER
System control number (OCoLC)63178837
040 ## - CATALOGING SOURCE
Original cataloging agency DLC
Transcribing agency DLC
Modifying agency DLC
041 ## - LANGUAGE CODE
Language code of text/sound track or separate title eng
042 ## - AUTHENTICATION CODE
Authentication code pcc
080 ## - UNIVERSAL DECIMAL CLASSIFICATION NUMBER
Universal Decimal Classification number 150 ROM
082 00 - DEWEY DECIMAL CLASSIFICATION NUMBER
Classification number 150 ROM
Edition number 22
100 ## - Rafti
Rafti 6
101 ## - Shkurtesa
Shkurtesa ANA
245 00 - TITLE STATEMENT
Title Psychology & you :
Statement of responsibility, etc Julia C. Berryman ... [et al.].
246 30 - VARYING FORM OF TITLE
Title proper/short title Psychology and you
504 ## - BIBLIOGRAPHY, ETC. NOTE
Bibliography, etc Includes bibliographical references (p. 224-236) and index.
906 ## - LOCAL DATA ELEMENT F, LDF (RLIN)
a 7
b cbc
c orignew
d 1
e ecip
f 20
g y-gencatlg
942 ## - ADDED ENTRY ELEMENTS (KOHA)
Source of classification or shelving scheme
Item type Books
Holdings
Withdrawn status Lost status Source of classification or shelving scheme Damaged status Not for loan Collection code Permanent location Current location Shelving location Date acquired Total Checkouts Full call number Barcode Date last seen Price effective from Koha item type
          Koleksioni i përgjithshem UBT - Lipjan UBT - Lipjan Koleksioni i përgjithshem 03/12/2018   150 ROM 002-3001737 03/12/2018 03/12/2018 Books
UBT Library © 2015-2024. All rights reserved University Education for Business and Technology